000 00966nam a22002537a 4500
005 20170123164156.0
010 _aB-230846
020 _c150.00
_a9788171421527
035 _aB-230846
037 _bCen Lib / Ret
040 _aDPL
_bPN
082 _a854
_bਸੁਰਿੰਦ
100 _aਸੁਰਿੰਦਰ ਅਤੈ ਸਿੰਘ
_944266
245 _aਗਲੀਆਂ ਬਾਬਲ ਵਾਲੀਆਂ /
_cਸੁਰਿੰਦਰ ਅਤੈ ਸਿੰਘ
246 _aGalian babal walian /
_bby Surinder Atai Singh
260 _aਚੰਡੀਗੜ੍ਹ
_bਲੋਕਗੀਤ ਪ੍ਰਕਾਸ਼ਨ
_c2007
270 _aSCO 26-27, Sector 34A
_bਚੰਡੀਗੜ੍ਹ
300 _a148p.
_c23cm(Hb)
650 _aਪੰਜਾਬੀ ਸਾਹਿਤ
_9131101
650 _aਪੰਜਾਬੀ- ਧਰਮ
_91301
650 _aPunjabi Literature
_9781
650 _aPunjabi-religion
_99921
942 _2ddc
_cPN
_h854
_mਸੁਰਿੰਦ
999 _c110711
_d110711